| 000 | 01081cad a22002535a 4500 | ||
|---|---|---|---|
| 001 | L150665 | ||
| 008 | 100811s20100810xxkd f s 000 0 eng d | ||
| 022 | 1 | _a1465-1076 | |
| 035 | _a(Sirsi) u150665 | ||
| 041 | 0 | _aeng | |
| 050 | 0 | 4 | _a333.33 $2 18 |
| 110 | 2 |
_aRoyal Institution of Chartered Surveyors _94900 |
|
| 245 | 0 | 0 |
_aRICS housing market survey United Kingdom _bJuly 2010 _h[electronic resource] |
| 260 |
_aLondon _bRICS _c2010 |
||
| 490 |
_aRICS Housing Market Survey United Kingdom _vJuly 2010 |
||
| 520 | _aSupply increases in July 2010 but demand falls. Price expectations deteriorate further, though the outlook for sales remains positive. Only London and the North West are still seeing material price rises. | ||
| 521 | _aAdvanced | ||
| 590 | _aKA | ||
| 650 | 2 | 4 | _aRICS HOUSING MARKET SURVEY UNITED KINGDOM |
| 651 | 4 |
_aUnited Kingdom _y |
|
| 690 | _aPROPERTY-RESIDENTIAL PROPERTY-RESIDENTIAL PROPERTY MARKET | ||
| 856 | 4 | 0 |
_uhttps://www.rics.org/site/download_feed.aspx?fileID=7173&fileExtension=PDF _zView the item free of charge at www.rics.org |
| 942 | _n0 | ||
| 999 |
_c110941 _d110941 |
||